| 000 | 00803nam a22002291a 4500 | ||
|---|---|---|---|
| 001 | 16577 | ||
| 003 | BD-RjUL | ||
| 005 | 20211209000027.0 | ||
| 008 | 140213s1954 enkab 000 0 eng d | ||
| 035 | _a(BD-RjUL)16632 | ||
| 040 |
_aANL _beng _cANL _dBD-RjUL |
||
| 041 | _aeng | ||
| 082 | 0 | 0 |
_a915.42 _bDIF 1954 |
| 100 | 1 |
_aDittert, Rene. _951220 |
|
| 245 | 1 | 0 |
_aForerunners to Everest : _bthe story of the two Swiss expeditions of 1952 / _cby Rene Dittert, Gabriel Chevalley [and] Raymond Lambert ; pref. by Sir John Hunt ; English version by Malcolm Barnes. |
| 260 |
_aLondon : _bAllen & Unwin, _c1954. |
||
| 300 |
_a256 p. : _billus. ; _c21 cm. |
||
| 651 | 0 |
_aEverest, Mount (China and Nepal). _935381 |
|
| 700 | 1 |
_aChevalley, Gabriel. _951221 |
|
| 700 | 1 |
_aLambert, Raymond. _951222 |
|
| 942 |
_2ddc _cBK |
||
| 999 |
_c16577 _d16577 |
||